Loading...
| Current Events | 7 | 17.14 | 57% | 57% | 57% |
| Fine Arts - Classical Music | 8 | 18.75 | 63% | 38% | 88% |
| Fine Arts - Other | 11 | 16.36 | 36% | 73% | 55% |
| Fine Arts - Painting & Sculpture | 8 | 17.50 | 50% | 75% | 50% |
| Geography | 3 | 6.67 | 33% | 0% | 33% |
| History - American | 7 | 10.00 | 43% | 43% | 14% |
| History - European | 6 | 15.00 | 33% | 50% | 67% |
| History - Other | 7 | 15.71 | 71% | 29% | 57% |
| History - World | 7 | 17.14 | 14% | 71% | 86% |
| Literature - American | 9 | 15.56 | 78% | 33% | 44% |
| Literature - British | 6 | 18.33 | 83% | 33% | 67% |
| Literature - European | 8 | 13.75 | 63% | 38% | 38% |
| Literature - World | 8 | 18.75 | 75% | 50% | 63% |
| Mythology | 3 | 20.00 | 33% | 67% | 100% |
| Other Academic | 5 | 14.00 | 20% | 80% | 40% |
| Philosophy | 9 | 15.56 | 89% | 56% | 11% |
| Religion | 10 | 18.00 | 80% | 50% | 50% |
| Science - Biology | 4 | 15.00 | 50% | 25% | 75% |
| Science - Chemistry | 8 | 18.75 | 75% | 50% | 63% |
| Science - Other | 9 | 13.33 | 67% | 33% | 33% |
| Science - Physics | 9 | 16.67 | 56% | 44% | 67% |
| Social Science | 8 | 13.75 | 25% | 50% | 63% |